Devine la célébrité enfant - Statistiques

Statistiques générales
  • Ce quiz a été pris 78 fois
  • Le résultat moyen est 7 sur 16
Statistiques - réponses
Par images Réponse % Correct
Leonardo DiCaprio
91%
Omar Sy
86%
Stromae
86%
Johnny Depp
67%
Jamel Debbouze
63%
Sophie Marceau
63%
Ryan Gosling
53%
Scarlett Johansson
43%
Liam Neeson
41%
Samuel L. Jackson
30%
SCH
27%
Jean Dujardin
20%
Jamie Foxx
19%
Lacrim
6%
Arthur
3%
Jim Carrey
0%
Aucun quiz correspondant
Distribution des résultats
% des personnes avec chaque résultat
Percentile par nombre de réponses
Votre historique - résultats
Vous n’avez pas pris ce quiz